Lo que todos debemos saber sobre componentes orgánicos / (Registro nro. 19938)

Detalles MARC
000 -CABECERA
Campo de control 01468npm a2200313 a 4500
005 - FECHA Y HORA DE LA ULTIMA TRANSACCION
Campo de control 20171108020002.0
008 - ELEMENTOS DE LONGITUD FIJA—INFORMACION GENERAL
Campo de control 171030s2017 ck ao|||r||||f00| 0 spa d
020 ## - ISBN
ISBN 9789588901473 (Obra completa)
040 ## - FUENTE DE CATALOGACIÓN
Agencia catalogadora original CO-BoIAVH
Agencia transcriptora CO-BoIAVH
041 0# - IDIOMA
Código de idioma para texto/pista de sonido o título separado Español
044 ## - PAÍS DE PUBLICACIÓN
País de publicación Colombia
082 04 - NUMERO DE CLASIFICACION DECIMAL DEWEY
Número de clasificación 628.168
Número del ítem C71t
110 1# - ASIENTO PRINCIPAL--NOMBRE CORPORATIVO
Nombre corporativo o de jurisdicción como elemento de entrada Colombia
Unidad subordinad Ministerio de Ambiente y Desarrollo Sostenible
9 (RLIN) 86446
245 10 - MENCION DE TITULO
Título Lo que todos debemos saber sobre componentes orgánicos /
Mención de responsabilidad Ministerio de Ambiente y Desarrollo Sostenible
246 13 - FORMA VARIANTE DEL TITULO
Título propiamente dicho/forma breve del título Lo que todos debemos saber sobre COP
260 ## - PUBLICACION, DISTRIBUCION, ETC. (PIE DE IMPRENTA)
Lugar de publicación, distribución, etc. Bogotá (Colombia) :
Nombre del editor, distribuidor, etc. Ministerio de Ambiente y Desarrollo Sostenible :
-- GEF :
-- PNUD,
Fecha de publicación, distribución, etc. 2017.
300 ## - DESCRIPCION FISICA
Extensión 4 volúmenes :
Otros detalles físicos ilustraciones y fotografías a color
Dimensiones 25 x 21 cm.
490 0# - MENCION DE SERIE
Mención de serie Contaminantes orgánicos persistentes ;
Número International Normalizado para Libros 97895889014780
504 ## - NOTA DE BIBLIOGRAFIA, ETC.
Nota de bibliografía Incluye referencias bibliográficas.
505 0# - NOTA DE CONTENIDO
Nota de contenido Volumen 1. Conociendo los COP.
505 0# - NOTA DE CONTENIDO
Nota de contenido Volumen 2. Plaguicidas COP.
505 0# - NOTA DE CONTENIDO
Nota de contenido Volumen 3. COP uso industrial aspectos básicos.
505 0# - NOTA DE CONTENIDO
Nota de contenido Volumen 4. Plan nacional de Implementación - PNI del Convenio de Estocolmo en Colombia 2017. Resumen ejecutivo.
611 2# - ASIENTO SECUNDARIO DE MATERIA - NOMBRE DE LA REUNION
Nombre de la reunión o nombre de la jurisdicción como elemento de entrada Convención de Estocolmo
Fecha de la reunión (23 de mayo de 2001 :
Lugar de la reunión Estocolmo (Suecia))
Subdivisión general Implementación
9 (RLIN) 86447
650 26 - ASIENTO SECUNDARIO DE MATERIA - TERMINO TEMATICO
Término temático o nombre geográfico como elemento de entrada Contaminantes.
Subdivisión general Conocimiento
9 (RLIN) 86448
650 26 - ASIENTO SECUNDARIO DE MATERIA - TERMINO TEMATICO
Término temático o nombre geográfico como elemento de entrada Contaminantes.
Subdivisión general Educación ambiental
9 (RLIN) 86449
650 26 - ASIENTO SECUNDARIO DE MATERIA - TERMINO TEMATICO
Término temático o nombre geográfico como elemento de entrada Contaminantes.
Subdivisión general Compuestos orgánicos
9 (RLIN) 86450
942 ## - ELEMENTOS ADICIONALES (KOHA)
Sistema de clasificación Dewey Decimal Classification
Tipo de ítem Folleto
Koha issues (borrowed), all copies 1
Existencias
Withdrawn status Lost status Sistema de Clasificación Damaged status No para préstamo Colección Ubicación Permanente Ubicación actual Fecha de adquisición Total Checkouts Número topográfico Inventario / Código de Barras Date last seen Ejemplar Price effective from Forma de adquisición Tipo de material Public note Date checked out
    Dewey Decimal Classification     General Bogotá Bogotá 30/10/2017   LB-628.168 C71t 043258 30/10/2017 Ej. 1 30/10/2017 Donación Mixed Materials Incluye 4 folletos.  
    Dewey Decimal Classification     General Bogotá Bogotá 30/10/2017   LB-628.168 C71t 043259 30/10/2017 V.1 Ej.1 30/10/2017 Donación Folleto    
    Dewey Decimal Classification     General Bogotá Bogotá 30/10/2017   LB-628.168 C71t 043260 30/10/2017 V.2 Ej.1 30/10/2017 Donación Folleto    
    Dewey Decimal Classification     General Bogotá Bogotá 30/10/2017   LB-628.168 C71t 043261 30/10/2017 V.3 Ej.1 30/10/2017 Donación Folleto    
    Dewey Decimal Classification     General Bogotá Bogotá 30/10/2017   LB-628.168 C71t 043262 30/10/2017 V.4 Ej.1 30/10/2017 Donación Folleto    
    Dewey Decimal Classification     General Sala Fabio Quevedo Sala Fabio Quevedo 30/10/2017 1 LB-628.168 C71t 043263 07/11/2017 Ej. 2 30/10/2017 Donación Mixed Materials Incluye 4 folletos. 07/11/2017
    Dewey Decimal Classification     General Sala Fabio Quevedo Sala Fabio Quevedo 30/10/2017   LB-628.168 C71t 043264 30/10/2017 V.1 Ej.2 30/10/2017 Donación Folleto    
    Dewey Decimal Classification     General Sala Fabio Quevedo Sala Fabio Quevedo 30/10/2017   LB-628.168 C71t 043265 30/10/2017 V.2 Ej.2 30/10/2017 Donación Folleto    
    Dewey Decimal Classification     General Sala Fabio Quevedo Sala Fabio Quevedo 30/10/2017   LB-628.168 C71t 043266 30/10/2017 V.3 Ej.2 30/10/2017 Donación Folleto    
    Dewey Decimal Classification     General Sala Fabio Quevedo Sala Fabio Quevedo 30/10/2017   LB-628.168 C71t 043267 30/10/2017 V.4 Ej.2 30/10/2017 Donación Folleto